| 000 | 00641nam a22002291i 4500 | ||
|---|---|---|---|
| 001 | 13590 | ||
| 003 | ES-MaACL | ||
| 005 | 20251014063046.0 | ||
| 007 | t| | ||
| 008 | 900514s1962 sp |||| | spa | ||
| 080 | _a860-31"19" | ||
| 100 | 1 |
_aAranzadi, Iñigo de, _d1922- _922331 |
|
| 245 | 1 | 0 |
_aEn el bosque Fang / _cIñigo de Aranzadi. |
| 250 | _a1ª ed. | ||
| 260 |
_aBarcelona : _bPlaza & Janés, _c1962. |
||
| 300 |
_a249 p. ; _c19 cm. |
||
| 490 | 1 | _aSelecciones lengua española | |
| 500 | _aVocabulario. | ||
| 830 | 1 |
_aSelecciones lengua española _9184404 |
|
| 852 | 4 |
_aES-MaACL _jL-20959 |
|
| 999 |
_c13590 _d13590 |
||